Профессиональная коммуникация на английском языке: сборник тестов

Detalles Bibliográficos
Autor principal: Наконечная М. Е. Марина Евгеньевна
Autor Corporativo: Национальный исследовательский Томский политехнический университет (ТПУ)
Otros Autores: Ульянова У. А. Ульяна Александровна
Sumario:В сборнике содержится языковой материал, включающий специальную лексику и грамматику, характерную для официально-делового и научного стилей речи, темы и ситуации профессионально-деловой коммуникации, осваивая который, студенты повышают уровень своей профессиональной иноязычной коммуникативной компетенции. Предназначен для студентов технических институтов и факультетов, изучающих английский язык не в качестве специальности.
Lenguaje:ruso
inglés
Publicado: Томск, Изд-во ТПУ, 2010
Materias:
Formato: Libro
KOHA link:https://koha.lib.tpu.ru/cgi-bin/koha/opac-detail.pl?biblionumber=196789

MARC

LEADER 00000nam0a2200000 4500
001 196789
005 20231101224720.0
035 |a (RuTPU)RU\TPU\book\214668 
035 |a RU\TPU\book\214667 
090 |a 196789 
100 |a 20110530d2010 m y0rusy50 ca 
101 0 |a rus  |a eng 
102 |a RU 
105 |a a j 001zy 
200 1 |a Профессиональная коммуникация на английском языке  |d Professional communication for electric power engineers  |e сборник тестов  |f М. Е. Наконечная, У. А. Ульянова  |g Национальный исследовательский Томский политехнический университет (ТПУ) 
210 |a Томск  |c Изд-во ТПУ  |d 2010 
215 |a 51 с.  |c ил. 
330 |a В сборнике содержится языковой материал, включающий специальную лексику и грамматику, характерную для официально-делового и научного стилей речи, темы и ситуации профессионально-деловой коммуникации, осваивая который, студенты повышают уровень своей профессиональной иноязычной коммуникативной компетенции. Предназначен для студентов технических институтов и факультетов, изучающих английский язык не в качестве специальности. 
510 1 |a Professional communication for electric power engineers  |z eng 
606 1 |a Английский язык  |x Учебные руководства и пособия  |x Учебные руководства и пособия для высшей школы  |2 stltpush  |3 (RuTPU)RU\TPU\subj\29071  |9 52483 
606 1 |a Английский язык  |x Учебные руководства и пособия  |x Пособия по развитию речи, разговорники  |2 stltpush  |3 (RuTPU)RU\TPU\subj\29074  |9 52486 
610 1 |a лексика 
610 1 |a грамматика 
610 1 |a деловые коммуникации 
610 1 |a стили речи 
610 1 |a профессиональные тексты 
610 1 |a разговорная речь 
610 1 |a труды учёных ТПУ 
610 1 |a электротехника 
610 1 |a электрические машины 
610 1 |a электрические системы 
610 1 |a тесты 
610 1 |a чтение 
610 1 |a говорение 
610 1 |a аудирование 
610 1 |a письмо 
686 |a Ш143.21-923  |v LBC/SL-A  |2 rubbk 
686 |a Ш143.21-923.4  |v LBC/SL-A  |2 rubbk 
700 1 |a Наконечная  |b М. Е.  |c лингвист  |c старший преподаватель Томского политехнического университета  |g Марина Евгеньевна  |2 stltpush  |3 (RuTPU)RU\TPU\pers\28625 
701 1 |a Ульянова  |b У. А.  |c лингвист  |c старший преподаватель Томского политехнического университета  |g Ульяна Александровна  |2 stltpush  |3 (RuTPU)RU\TPU\pers\28626 
712 0 2 |a Национальный исследовательский Томский политехнический университет (ТПУ)  |c (2009- )  |2 stltpush  |3 (RuTPU)RU\TPU\col\15902 
801 1 |a RU  |b 63413507  |c 20110530 
801 2 |a RU  |b 63413507  |c 20140226  |g RCR 
942 |c BK